| 000 | 00516nac a22001691u 4500 | ||
|---|---|---|---|
| 008 | 100906s2002 cau|||||r|||| 001 0 eng d | ||
| 020 | _a1590590392 | ||
| 082 |
_a005.2768 _bBAR _222 |
||
| 245 |
_aDistributed .NET programming in C / _cTom Barnaby. |
||
| 260 |
_aBerkeley, CA : _bApress, _cc2002. |
||
| 300 |
_a494 p. : _bill. ; _c24 cm. |
||
| 440 |
_aThe expert's voice _918448 |
||
| 500 | _aIncludes index. | ||
| 650 |
_aMicrosoft .NET. _918449 |
||
| 650 |
_aInternet programming. _918450 |
||
| 942 |
_cBB _k005.2768 BAR _2ddc |
||
| 999 |
_c499 _d499 |
||